[Event "Alcorcon Spring op-B 1st"]
[Site "Alcorcon"]
[Date "2019.05.12"]
[Round "7"]
[White "Callejas Torres, Alejandro"]
[Black "Arce Escobedo, Julio"]
[Result "1-0"]
[WhiteElo "1739"]
[BlackElo "1634"]
[PlyCount "115"]
[EventDate "2019.03.24"]
[EventType "swiss"]
[EventRounds "9"]
[EventCountry "ESP"]
[SourceTitle "EXT 2020"]
[Source "ChessBase"]
[SourceDate "2019.10.17"]
[SourceVersion "1"]
[SourceVersionDate "2019.10.17"]
[SourceQuality "1"]

1. d4 d5 2. Nf3 e6 3. Bf4 Bd6 4. Bg3 Nf6 5. e3 b6 6. Bd3 h6 7. Nbd2 c5 8. c3 0-0 9. Ne5 Bxe5 10. dxe5 Nfd7 11. Qh5 Qg5 12. Qxg5 hxg5 13. h4 g4 14. Be2 Nc6 15. f4 gxf3 16. Nxf3 a5 17. Bf4 Ba6 18. Bxa6 Rxa6 19. 0-0-0 b5 20. e4 Nb6 21. exd5 Nxd5 22. g3 b4 23. c4 Nb6 24. b3 a4 25. Kb2 axb3 26. axb3 Rfa8 27. Ra1 Na5 28. Nd2 Nc6 29. Rxa6 Rxa6 30. Ne4 Nd7 31. Rd1 Ncxe5 32. Bxe5 Nxe5 33. Nxc5 Rc6 34. Ne4 f5 35. Ng5 Nf7 36. Nxf7 Kxf7 37. Rd7+ Kf6 38. Rb7 e5 39. Rxb4 e4 40. Kc2 Rd6 41. c5 Rd8 42. Rb6+ Ke5 43. Rd6 Rc8 44. b4 Ra8 45. Rg6 Kd4 46. Rxg7 Ra2+ 47. Kb3 Rf2 48. Rd7+ Ke5 49. c6 Rf3+ 50. Kc2 Ke6 51. Rd8 Rxg3 52. c7 Rg2+ 53. Kb3 Rg3+ 54. Kc4 Ke5 55. c8Q Kf4 56. Rf8 Ke3 57. Rxf5 Rg1 58. Qc5+ 1-0

[Event "Madrid San Viator op 23rd"]
[Site "Madrid"]
[Date "2014.11.09"]
[Round "7"]
[White "Callejas Torres, Alejandro"]
[Black "Rodriguez, Antonio"]
[Result "1-0"]
[WhiteElo "1638"]
[BlackElo "1430"]
[PlyCount "83"]
[EventDate "2014.09.28"]
[EventType "swiss"]
[EventRounds "9"]
[EventCountry "ESP"]
[SourceTitle "EXT 2016"]
[Source "ChessBase"]
[SourceDate "2015.10.08"]
[SourceVersion "1"]
[SourceVersionDate "2015.10.08"]
[SourceQuality "1"]

1. d4 d5 2. Nf3 Nf6 3. e3 e6 4. Bd3 c5 5. c3 Nc6 6. Nbd2 Bd6 7. 0-0 0-0 8. Re1 Qc7 9. h3 c4 10. Bc2 Re8 11. e4 e5 12. exd5 Na5 13. dxe5 Bxe5 14. Nxe5 Rxe5 15. Nf3 Rxd5 16. Qxd5 Be6 17. Qe5 Qb6 18. Nd4 Re8 19. Nxe6 Nc6 20. Qf5 Ne7 21. Qc5 fxe6 22. Qxb6 axb6 23. Bg5 Kf7 24. Bxf6 gxf6 25. Re3 Nd5 26. Re4 f5 27. Re5 Nf4 28. Rae1 Rg8 29. g3 Nxh3+ 30. Kg2 Nf4+ 31. Kf3 Nh3 32. Kg2 Nf4+ 33. Kh2 Nd5 34. Rxe6 f4 35. R1e5 fxg3+ 36. fxg3 Rd8 37. Rh6 Nf6 38. Rf5 Rd2+ 39. Kh3 Rxc2 40. Rfxf6+ Kg7 41. Rxb6 Rd2 42. Rbd6 1-0

[Event "Madrid San Viator op 23rd"]
[Site "Madrid"]
[Date "2014.10.12"]
[Round "3"]
[White "Callejas Torres, Alejandro"]
[Black "Diaz del Prado, Carlos"]
[Result "1-0"]
[WhiteElo "1638"]
[BlackElo "1288"]
[PlyCount "45"]
[EventDate "2014.09.28"]
[EventType "swiss"]
[EventRounds "9"]
[EventCountry "ESP"]
[SourceTitle "EXT 2016"]
[Source "ChessBase"]
[SourceDate "2015.10.08"]
[SourceVersion "1"]
[SourceVersionDate "2015.10.08"]
[SourceQuality "1"]

1. d4 Nf6 2. Nf3 g6 3. e3 Bg7 4. c4 d6 5. h3 0-0 6. Bd3 Nbd7 7. Nc3 e5 8. 0-0 c6 9. d5 cxd5 10. cxd5 Nc5 11. e4 Nxd3 12. Qxd3 a6 13. Be3 b5 14. b4 Nh5 15. a4 Bd7 16. axb5 axb5 17. Nxb5 Rxa1 18. Rxa1 Bxb5 19. Qxb5 f5 20. Ng5 Qb8 21. Qd7 Rd8 22. Qe6+ Kh8 23. Nf7+ 1-0